00314nam a2200121Ia 4500003000400000008004100004020002400045040000800069245003500077260005500112300001300167365001200180LDD181029s9999 xx 000 0 und d a8175200987c1000.00 cLDD 0aEquivalence of foreing degrees aNew DelhibAssocition of Indian Universitiesc2006 ax, 607p. b1000.00